Quizzes
Events
Quiz Creation
Community
Videos
Private Events
Remove Ads
Sign In
Join for FREE
Feedback
Dark Mode
Quiz Categories
Sports
Geography
Music
Movies
Television
Just For Fun
Miscellaneous
History
Literature
Language
Science
Gaming
Entertainment
Religion
Holiday
For Kids
Quiz Lab
Recent
Popular Today
Quiz Kudos Today
Editor Picks
Curator Picks
Quizzes by...
Day
Popularity
Type
Ratings
Length
Year
Community
Subscriptions
Recent Discussions
Orange Saloon
Badges
Playlists
Quests
Create
Leaderboards
Showdown
Live 5
Trivia Bingo
Activity
Puzzle Library
Sporcle Events
Private Events
Virtual Trivia
Globe League
Become a Host
Pub Owners
SporcleCon
Opinionation
Our Games
Videos
Blog
Mobile Apps
Partnerships
Remove Ads and Go Orange
Feedback
Language
Vocabulary
Begins and Ends
Definition
Spanish
French
German
Italian
Chinese
Latin
Translation
Japanese
Language
Vocabulary
Begins and Ends
Definition
Spanish
French
German
Italian
Chinese
Latin
Translation
Japanese
Random Quiz
Search Sporcle
×
Quiz Lab
Quiz Lab
Language
end
Type in answers that appear in a list
Type in answers that appear in a list
Classic
Best Score? Go Orange.
1-Syllable Words that Rhyme with Ore Stats
Can you name the words that rhyme with ore and only have one syllable?
By
AwesumJuan
5m
62 Questions
1,052 Plays
1,052 Plays
1,052 Plays
Comments
Comments
Give Quiz Kudos
Give Quiz Kudos
-
- Ratings
hide this ad
Replay
Link that replays current quiz
Next Quiz
Link to next quiz in quiz playlist
You Got
0%
They Got
Avg Score
54%
Avg Friend Score
Upgrade to see
Score Distribution
Jump to the score distribution portion of the page
Score
0/62
Timer
05:00
0
Plays Today
Rhyming Words
% Correct
Aww
100%
Naw
100%
Bore
97.1%
More
93.2%
Door
91.5%
Core
91.4%
Gore
91.2%
Store
89.6%
Lore
89.4%
For
87.5%
Tore
86.8%
Sore
84.4%
Shore
84%
Floor
82.1%
Tor
81.3%
Chore
81%
W*ore
79.9%
Pore
79.6%
Fore
79.3%
Cor
78.8%
Roar
78.7%
Spore
78.4%
Wore
78.4%
Nor
77.5%
Score
74.9%
Por
74.3%
Four
73.6%
Boar
72.5%
Or
72.1%
Pour
72.1%
Snore
71.2%
Rhyming Words
% Correct
Soar
66.2%
Hoar
55.4%
Swore
54%
Poor
51.5%
Smore
50.5%
Your
47%
Oar
46.4%
Ore
44.6%
Draw
36.9%
War
33.3%
Law
27.3%
Raw
26.3%
Saw
26.2%
Paw
25.5%
Glore
23.8%
Claw
22.4%
You're
22.3%
Caw
21.6%
Jaw
20.2%
Flaw
18.9%
Awe
17.2%
Gnaw
15.2%
Sure
14.1%
Boer
10.2%
Corps
5.8%
Bohr
4.8%
Rawr
1.8%
Saur
1.8%
Mohr
1%
Baur
0.8%
Lohr
0.8%
Quiz Playlist
Details
Report
Send in Message
Add To Playlist
Classic:
Type in answers that appear in a list
Last Updated: Aug 14, 2017
Quiz Scoreboard
CHALLENGE
Sign Up to Join the Scoreboard
Show All
Scores
Hide
Comments
May contain spoilers
Recently Published
An Introduction to Baseball
by treessimontrees
Sports
5m
Movies - When Are They Set?
by FPL_Elf
Movies
5m
Popular People in 1961
by mucciniale
History
6m
More to Explore
Quiz From the Vault
Featured Blog Post
Where Did the Easter Bunny Come From?
hide this ad
You Might Also Like...
Tags
end
Ending
Ends With
ore
Rhyme
Rhymes With
Syllable
Syllable Words
Today's Top Quizzes in Language
Browse Language
hide this ad
Today's Top Quizzes in end
Browse end
Top Contributed Quizzes in Language
1
1-10 Letter F Words III
2
Order Up: Top 10 Most Native Spoken Languages
3
1-10 Letter G Words III
4
1-10 Letter H Words III
5
One Thing in Common: Italy
6
1-10 Letter I Words III
7
Weisst du, aus welchen Sprachen diese Wörter stammen?
8
1-10 Letter J Words III
9
Begins and Ends With AN
10
Celtic Nations in their Language
Explore More
Trending Topics
Kpop
Crossword
Disney
Marvel
Anime
NBA
Harry Potter
Soccer
The Office
Puzzle
Song
WWE
Pokémon
Country
NFL
hide this ad
More By:
AwesumJuan
Quiz
Plays
Rating
Category
Featured
Created
3 Letter Words in 2010s Songs
68,219
4.56
Music
Nov 7, 2019
3 Letter Words in 1980s Songs
66,651
4.75
Music
Dec 30, 2019
3 Letter Words in 1990s Songs
63,533
4.64
Music
Dec 8, 2019
5 Letter Words in 1980s Songs
63,046
4.71
Music
Jan 10, 2020
4 Letter Words in 1990s Songs
61,061
4.68
Music
Dec 10, 2019
Go to Creator's Profile
Score Distribution
Quiz Creator Spotlight
AwesumJuan
Follow
Send a Message
Quizzes Created
-
Created Quiz Play Count
-
More By This Creator
Popular Quizzes Today
1
Find the Countries of Europe - No Outlines Minefield
2
Find the US States - No Outlines Minefield
3
The Countries of the World
4
Popular People in 1961
5
US States
6
Find the US States
7
1-10 Letter E Words III
8
Risky Map Clicking: Biggest States A-Z
More Language Quizzes
Rhymes with 'UM'
Published
Trending Quizzes
Risky Map Clicking: Least Populous States A-Z
1-10 Letter F Words
1-10 Letter G Words
One Thing in Common: United Kingdom
Not Quite an Element Typing Challenge
Recently Updated
Leaping Animals
pecheneg
Reality TV Shows (A-Z)
bhenderson79
Rickey Henderson's Hall of Fame Teammates
pecheneg
Champions League XIs: Arsenal
pecheneg
Quick Pick: Celebrities in WWE's Hall of Fame
aduchscher
A-Z Keypad Blitz II
pecheneg
Multiple Oscar Actors
pecheneg
Mystery Phrase Blitz: Oscar 'Best Actors'
pecheneg
F. Scott Fitzgerald Novels
LTH
Pick 3 Villains
ddd62291
Trending Topics
Disney
Crossword
Kpop
NBA
Anime
Marvel
Harry Potter
Song
The Office
Country
Soccer
Pokémon
WWE
Puzzle
NFL
Your Account Isn't Verified!
In order to create a playlist on Sporcle, you need to verify the email address you used during registration. Go to your
Sporcle Settings
to finish the process.
Report this User
Report this user for behavior that violates our
Community Guidelines
.
Details:
Send Report
Go to the Sporcle.com Mobile Site →
Comments